000 00524nam a2200181Ia 4500
008 151018s9999 xx 000 0 und d
082 _bRBASDV25655
_a891.463
100 _aसंजय सोनवणी
245 _aअपहरण
250 _b1
260 _bअमोल प्रकाशन मुंबई
_c1993
300 _a186
600 _aसंजय सोनवणी
630 _aअपहरण
700 _aसंजय सोनवणी
730 _aअपहरण
942 _cBOOK
999 _c1025267
_d1025264